Writing for university / (Record no. 27872)
[ view plain ]
| 000 -LEADER | |
|---|---|
| fixed length control field | 02213cam a22003015i 4500 |
| 001 - CONTROL NUMBER | |
| control field | 018887579 |
| 003 - CONTROL NUMBER IDENTIFIER | |
| control field | EG-ScBUE |
| 005 - DATE AND TIME OF LATEST TRANSACTION | |
| control field | 20200128102524.0 |
| 008 - FIXED-LENGTH DATA ELEMENTS--GENERAL INFORMATION | |
| fixed length control field | 160517s2016 enka f b 001 0 eng d |
| 020 ## - INTERNATIONAL STANDARD BOOK NUMBER | |
| Cancelled/invalid ISBN | 9781137531865 |
| 040 ## - CATALOGING SOURCE | |
| Original cataloging agency | Uk |
| Language of cataloging | eng |
| Description conventions | rda |
| Transcribing agency | Uk |
| Modifying agency | EG-ScBUE |
| 082 04 - DEWEY DECIMAL CLASSIFICATION NUMBER | |
| Classification number | 808.0669 |
| Item number | GOD |
| Edition number | 22 |
| 100 1# - MAIN ENTRY--PERSONAL NAME | |
| Personal name | Godfrey, Jeanne, |
| Relator term | author. |
| 9 (RLIN) | 32886 |
| 245 10 - TITLE STATEMENT | |
| Title | Writing for university / |
| Statement of responsibility, etc | Jeanne Godfrey. |
| 250 ## - EDITION STATEMENT | |
| Edition statement | Second edition. |
| 264 #1 - PUBLICATION, DISTRIBUTION, ETC. (IMPRINT) | |
| Place of publication, distribution, etc | London : |
| Name of publisher, distributor, etc | Palgrave Macmillan : |
| -- | Red Globe Press, |
| Date of publication, distribution, etc | 2016. |
| 300 ## - PHYSICAL DESCRIPTION | |
| Extent | viii, 120 pages : |
| Other physical details | illustrations ; |
| Dimensions | 15 cm. |
| 336 ## - CONTENT TYPE | |
| Content type term | text |
| Content type code | txt |
| Source | rdacontent |
| 337 ## - MEDIA TYPE | |
| Media type term | unmediated |
| Media type code | n |
| Source | rdamedia |
| 338 ## - CARRIER TYPE | |
| Carrier type term | volume |
| Carrier type code | nc |
| Source | rdacarrier |
| 490 0# - SERIES STATEMENT | |
| Series statement | Pocket study skills |
| 504 ## - BIBLIOGRAPHY, ETC. NOTE | |
| Bibliography, etc | Includes bibliographical references and index. |
| 505 0# - FORMATTED CONTENTS NOTE | |
| Formatted contents note | PART I: INTRODUCTION.- 1. Myths and Facts About Academic Writing.- 2. What Academic Writing Looks Like.- 3. Your Writing Context and Purpose.- 4. The Five Essential Elements of Writing.- Summary.- PART II: ESSENTIAL ELEMENT 1: WRITE CRITICALLY.- 5. What Critical Writing Is.- 6. What Critical Writing Looks Like.- 7. Common Errors in Critical Writing.- Summary.- PART III: ESSENTIAL ELEMENT 2: USE YOUR SOURCES EFFECTIVELY AND CORRECTLY.- 8. Using Their Words Quotation.- 9. Using Your Words – Paraphrase and Source Summary.- 10. Using Verbs To Show That You Understand Your Sources.- 11. Referencing Styles and Techniques.- 12. How To Avoid Accidental Plagiarism.- Summary.- PART IV: ESSENTIAL ELEMENT 3: LET YOUR OWN VOICE SHINE THROUGH.- 13. Making Your Own Voice Clear.- 14. Using Verbs To Show Your Own Position.- 15. Using I and We.- 16. Expressing Levels of Certainty and Caution.- Summary.- PART V: ESSENTIAL ELEMENT 4: WRITE FOR YOUR READER.- 17. Having a Clear Overall Structure.- 18. Having Clear Paragraph Structure.- 19. Developing a Clear Writing Style.- 20. Using Words Precisely.- Summary.- PART VI: ESSENTIAL ELEMENT 5: REWRITE LIKE AN EXPERT.- 21. The Process of Writing and Rewriting.- 22. Common Language Errors.- 23. A Checklist.- Summary.- Final Comments. |
| 650 #7 - SUBJECT ADDED ENTRY--TOPICAL TERM | |
| Topical term or geographic name as entry element | Academic writing |
| General subdivision | Technique. |
| Source of heading or term | BUEsh |
| 653 ## - INDEX TERM--UNCONTROLLED | |
| Resource For college | Humanities: English |
| Arrived date list | November2019 |
| 655 ## - INDEX TERM--GENRE/FORM | |
| Form subdivision | Reading book |
| 942 ## - ADDED ENTRY ELEMENTS (KOHA) | |
| Source of classification or shelving scheme | Dewey Decimal Classification |
| Koha item type | Book - Borrowing |
| Withdrawn status | Lost status | Source of classification or shelving scheme | Damaged status | Not for loan | Collection code | Home library | Current library | Shelving location | Date acquired | Source of acquisition | Cost, normal purchase price | Total Checkouts | Full call number | Barcode | Date last seen | Cost, replacement price | Price effective from | Koha item type |
|---|---|---|---|---|---|---|---|---|---|---|---|---|---|---|---|---|---|---|
| Dewey Decimal Classification | Baccah | Central Library | Central Library | Second Floor | 26/11/2019 | Purchase | 150.00 | 808.0669 GOD | 000048347 | 15/07/2025 | 187.50 | 26/11/2019 | Book - Borrowing |